Sborník klubu přírodověckého v Brně za rok 1940 , Roč.XXIII. , 1940
| Format: | Book |
|---|---|
| Language: | Undetermined |
| Published: |
Brno
PK
1940
|
MARC
| LEADER | 00000nam a2200000 a 4500 | ||
|---|---|---|---|
| 001 | vtls001374816 | ||
| 003 | SK-MaSNL | ||
| 005 | 20260224153848.0 | ||
| 008 | 240130s1940 xr 0 und | ||
| 035 | |a SNK000328707 | ||
| 040 | |a SNK |b slo |c SNK |e AACR2 | ||
| 044 | |a xr |c CZ | ||
| 245 | 1 | |a Sborník klubu přírodověckého v Brně za rok 1940 , Roč.XXIII. , 1940 | |
| 260 | |a Brno |b PK |c 1940 | ||
| 999 | |c 1065607 |d 1067537 | ||
| 952 | |a SNK |b SNK |y PREZ |7 0 |p 17A0213915 |o snkČC 209/XXIII./1940 |0 0 |1 1 |4 0 |d 1999-10-15 |l 0 |r 2005-01-02 00:00:00 |w 2026-02-24 | ||


